Catalog

Record Details

Catalog Search



Window on the bay  Cover Image Book Book

Window on the bay / Debbie Macomber.

Macomber, Debbie,: (author.).

Summary:

Jenna Boltz's life is at a crossroads. After a messy divorce from her surgeon husband nearly twenty years ago, she raised her two children on her own, juggling motherhood with her beloved job as a Seattle intensive-care nurse. Now that Paul and Allie have gone to college and moved out, Jenna can't help but wonder what her future holds. Her best friend, Maureen, is excited for Jenna's newfound independence. Now is the perfect time to finally book the trip to Paris they've been dreaming of since their college days. But when it comes to life's other great adventure--dating--Jenna still isn't sure she's ready to let love in . . . until an unexpected encounter begins to change her mind. When Jenna's elderly mother breaks her hip, Dr. Rowan Lancaster saves the day. Despite his silent, stoic exterior, Rowan is immediately smitten with Jenna. And even though Jenna is hesitant about becoming involved with another surgeon, she has to admit that she's more than a little intrigued. But when Jenna's children approach her with shocking news, she realizes that she needs to have faith in love and embrace the unexpected--before the life she has always dreamed of passes her by.

Record details

  • ISBN: 9780399181337
  • ISBN: 0399181334
  • Physical Description: 336 pages ; 23 cm
  • Edition: First Edition.
  • Publisher: New York : Ballantine Books, [2019]
Subject: Divorced women > Fiction.
Divorced mothers > Fiction.
Nurses > Fiction.
Empty nesters > Fiction.
Surgeons > Fiction.
Dating (Social customs) > Fiction.
Self-realization in women > Fiction.
Genre: Christian fiction.
Religious fiction.
Romance fiction.

Available copies

  • 1 of 1 copy available at scottsboropl.

Holds

  • 0 current holds with 1 total copy.
Show Only Available Copies
Location Call Number / Copy Notes Barcode Shelving Location Status Due Date
scottsboropl F Mac 32269001125007 Adult - Fiction Available -

LDR 02391nam a2200325Mi 4500
001151812
003SBPL
00520190715085506.0
008190308s2019 nyu 000 1 eng d
010 . ‡a 2019007652
020 . ‡a9780399181337 ‡q(hardcover)
020 . ‡a0399181334 ‡q(hardcover)
035 . ‡a(CONS)151812
035 . ‡a(CPomAG)LMN613313
05000. ‡aPS3563.A2364 ‡bW56 2019
08200. ‡a813/.54 ‡223
1001 . ‡aMacomber, Debbie,: ‡eauthor.
24510. ‡aWindow on the bay / ‡cDebbie Macomber.
250 . ‡aFirst Edition.
264 1. ‡aNew York : ‡bBallantine Books, ‡c[2019]
300 . ‡a336 pages ; ‡c23 cm
336 . ‡atext ‡btxt ‡2rdacontent
337 . ‡aunmediated ‡bn ‡2rdamedia
338 . ‡avolume ‡bnc ‡2rdacarrier
520 . ‡aJenna Boltz's life is at a crossroads. After a messy divorce from her surgeon husband nearly twenty years ago, she raised her two children on her own, juggling motherhood with her beloved job as a Seattle intensive-care nurse. Now that Paul and Allie have gone to college and moved out, Jenna can't help but wonder what her future holds. Her best friend, Maureen, is excited for Jenna's newfound independence. Now is the perfect time to finally book the trip to Paris they've been dreaming of since their college days. But when it comes to life's other great adventure--dating--Jenna still isn't sure she's ready to let love in . . . until an unexpected encounter begins to change her mind. When Jenna's elderly mother breaks her hip, Dr. Rowan Lancaster saves the day. Despite his silent, stoic exterior, Rowan is immediately smitten with Jenna. And even though Jenna is hesitant about becoming involved with another surgeon, she has to admit that she's more than a little intrigued. But when Jenna's children approach her with shocking news, she realizes that she needs to have faith in love and embrace the unexpected--before the life she has always dreamed of passes her by.
650 0. ‡aDivorced women ‡vFiction.
650 0. ‡aDivorced mothers ‡vFiction.
650 0. ‡aNurses ‡vFiction.
650 0. ‡aEmpty nesters ‡vFiction.
650 0. ‡aSurgeons ‡vFiction.
650 0. ‡aDating (Social customs) ‡vFiction.
650 0. ‡aSelf-realization in women ‡vFiction.
655 7. ‡aChristian fiction. ‡2lcgft
655 7. ‡aReligious fiction. ‡2lcgft
655 7. ‡aRomance fiction. ‡2lcgft
901 . ‡a151812 ‡bUnknown ‡c151812 ‡tbiblio

Additional Resources